000 01163nam a22002777a 4500
005 20240530110414.0
008 150302s2011 ua o f 000 0aara d
017 _a14753/2011
_bمصر . دار الكتب المصرية
020 _a9789772089327
040 _aEG-CaGPL
041 0 _aara
082 0 4 _221
_a303.4
_bق/إ أ
100 0 _aاسلام محمد البنا
245 1 0 _aامة كانت فى خطر :
_bمشاهدات مصرية قبل واثناء وبعد ثورة 25 يناير /
_cتاليف اسلام محمد البنا
250 _aط1
260 _aالقاهرة :
_bمكتبة مدبولى ،
_c2011
300 _a107 ص :
_bصور ؛
_c20 سم
651 0 1 _aمصر
_xالاحوال السياسية
651 0 1 _aمصر
_xتاريخ
_yالعصر الحديث
_yثورة 25 يناير
651 0 1 _aمصر
_xتاريخ
_yالعصر الحديث
_yالثورات
651 0 1 _aمصر
_xالمشاكل الاقتصادية
651 0 1 _aمصر
_xالمشاكل الاجتماعية
651 0 1 _aمصر
_xتاريخ
_xحسنى مبارك
_yالعصر الحديث
942 _2ddc
_cBK
999 _c60530
_d60530